Santo Domingo en las letras coloniales (1492-1800) / Abelardo Vicioso (Registro nro. 4835)

Detalles MARC
000 -LEADER
fixed length control field 00560nam a22001931a 4500
001 - CONTROL NUMBER
control field 4835
003 - CONTROL NUMBER IDENTIFIER
control field OSt
005 - DATE AND TIME OF LATEST TRANSACTION
control field 20260204211949.0
008 - FIXED-LENGTH DATA ELEMENTS--GENERAL INFORMATION
fixed length control field 050919s1979||||dr ||||||b||||||||||spa||
050 ## - LIBRARY OF CONGRESS CALL NUMBER
Classification number RD 860.7293 V662s
100 ## - ASIENTO PRINCIPAL -- NOMBRE PERSONAL
Personal name Vicioso, Abelardo
245 ## - TÍTULO PROPIAMENTE DICHO: SUBTÍTULO
Title Santo Domingo en las letras coloniales (1492-1800) / Abelardo Vicioso
264 ## - PRODUCTION, PUBLICATION, DISTRIBUTION, MANUFACTURE, AND COPYRIGHT NOTICE
Place of production, publication, distribution, manufacture Santo Domingo: UASD
300 ## - PHYSICAL DESCRIPTION
Extensión 355 p
490 ## - MENCIÓN DE SERIE
Series statement Colección historia y sociedad No. 35
500 ## - GENERAL NOTE
General note Inclye indice y bibliografía.
650 ## - ASIENTO SECUNDARIO DE MATERIA -- TERMINO TEMÁTICO
Termino Temático Como Elemento de Entrada 1.Literatura - República DominicanaÌ
942 ## - ADDED ENTRY ELEMENTS (KOHA)
Source of classification or shelving scheme Dewey Decimal Classification
Koha item type Libros
Existencias
Withdrawn status Lost status Source of classification or shelving scheme Damaged status Not for loan Current library Date acquired Total Checkouts Full call number Barcode Date last seen Price effective from Koha item type
    Dewey Decimal Classification     Biblioteca UTECO 09/09/2019   RD 860.7293 V662S 009336 09/09/2019 09/09/2019 Libros
© 2021 Derechos Reservados UTECO - Teléfono: +1 809-585-2291 - Correo electrónico: biblioteca@uteco.edu.do​  
Código postal 43000 ​​
Dirección: Avenida Universitaria No. 100, 
Cotuí, Provincia Sánchez Ramírez, República Dominicana - RNC: 404-00059-6